[Event "Netanya op"]
[Site "Netanya"]
[Date "2019.07.02"]
[Round "9"]
[White "Reches, Omer"]
[Black "Katkov, Michelle"]
[Result "1/2-1/2"]
[WhiteElo "1724"]
[BlackElo "2112"]
[PlyCount "109"]
[EventDate "2019.06.23"]
[EventType "swiss"]
[EventRounds "9"]
[EventCountry "ISR"]
[SourceTitle "EXT 2020"]
[Source "ChessBase"]
[SourceDate "2019.10.17"]
[SourceVersion "1"]
[SourceVersionDate "2019.10.17"]
[SourceQuality "1"]

1. d4 Nf6 2. Nf3 e6 3. Bf4 c5 4. e3 d5 5. c3 Bd6 6. Bg3 Qc7 7. Ne5 Nbd7 8. f4 Ne4 9. Nd2 Nxd2 10. Qxd2 f6 11. Nf3 b6 12. Bd3 Bb7 13. 0-0 0-0 14. Qc2 f5 15. Bh4 a5 16. g4 Ba6 17. Bxa6 Rxa6 18. Ng5 Rf6 19. Qe2 Ra8 20. Kh1 Rh6 21. Be1 Re8 22. Qg2 Nf6 23. gxf5 exf5 24. Rg1 Rxe3 25. Bd2 Re7 26. Rae1 Ne4 27. Nxe4 dxe4 28. Qg5 Ree6 29. Qxf5 Rhf6 30. Qd5 Qf7 31. Rxe4 Rxe4 32. Qxe4 cxd4 33. cxd4 Bxf4 34. Bxf4 Rxf4 35. Qa8+ Qf8 36. Qd5+ Kh8 37. h3 Rf3 38. Qh5 Rf5 39. Qg4 Rf4 40. Qd7 Rf2 41. Qc6 Qb8 42. Rg3 Rxb2 43. Qc1 Rxa2 44. d5 h6 45. Qc3 Qb7 46. Kg1 Qf7 47. Qd4 Qc7 48. Rg2 Qc1+ 49. Kh2 Rxg2+ 50. Kxg2 Qg5+ 51. Kh2 Qd8 52. d6 Kg8 53. Qd5+ Kf8 54. Qf5+ Ke8 55. Qe6+ 1/2-1/2

[Event "Netanya op"]
[Site "Netanya"]
[Date "2019.06.24"]
[Round "2"]
[White "Reches, Omer"]
[Black "Shubin, Kirill"]
[Result "0-1"]
[WhiteElo "1724"]
[BlackElo "2426"]
[PlyCount "48"]
[EventDate "2019.06.23"]
[EventType "swiss"]
[EventRounds "9"]
[EventCountry "ISR"]
[SourceTitle "CBM 191 Extra"]
[Source "ChessBase"]
[SourceDate "2019.09.30"]
[SourceVersion "1"]
[SourceVersionDate "2019.09.30"]
[SourceQuality "1"]

1. e4 e6 2. d4 d5 3. exd5 exd5 4. Nf3 Nc6 5. Bb5 Nge7 6. Qe2 h6 7. Bxc6+ bxc6 8. Ne5 Be6 9. Nd2 g6 10. f4 Bg7 11. Ndf3 0-0 12. Bd2 Qd6 13. Nd3 a5 14. Bc3 Bf5 15. Nde5 Rfe8 16. 0-0-0 Nc8 17. Qd2 Nb6 18. Rhe1 Red8 19. Nh4 Be4 20. g4 Na4 21. g5 hxg5 22. fxg5 Nxc3 23. Qxc3 c5 24. Ng4 Qf4+ 0-1